Statistics for Biggest Black Sea Cities Quiz

Click here to take the quiz!

General Stats

  • This quiz has been taken 252 times
    (212 since last reset)
  • The average score is 7 of 12

Answer Stats

PopulationCountryCity% Correct
14,324,240TurkeyIstanbul
98%
1,003,705UkraineOdessa
92%
474,076BulgariaVarna
75%
343,334RussiaSochi
74%
491,498RomaniaConstanța
65%
379,200RussiaSevastopol
63%
223,902BulgariaBurgas
49%
535,401TurkeySamsun
45%
305,231TurkeyTrabzon
45%
204,156GeorgiaBatumi
44%
241,952RussiaNovorossiysk
26%
217,640TurkeyOrdu
18%

Score Distribution

Percentile by Number Answered

Percent of People with Each Score

Your Score History

You have not taken this quiz since the last reset